| 000 | 00792nam a22002175i 4500 | ||
|---|---|---|---|
| 001 | 48006 | ||
| 003 | ES-MaACL | ||
| 005 | 20230906161656.0 | ||
| 007 | t| | ||
| 008 | 990602s1905 sp b 00110 spa | ||
| 100 | 1 |
_aCriado y Domínguez, Juan Pedro. _941609 |
|
| 245 | 1 | 0 |
_aBibliografía de la Cruz Roja Española / _cpor Don Juan Pedro Criado y Domínguez. |
| 250 | _aNueva ed. completamente refundida y adicionada. | ||
| 260 |
_aMadrid : _b[s.n.], _c1905 ( _fImp. y lit. de Ernesto Catalá) |
||
| 300 |
_a304 p. ; _c28 cm. |
||
| 500 | _aÍndices. | ||
| 530 | _aDisponible en formato digital. | ||
| 610 | 2 | 4 |
_aCruz Roja Española- _vBibliografías. _93323 |
| 852 |
_aES-MaACL _jT-1069-F-9 |
||
| 856 |
_uhttp://bdh-rd.bne.es/viewer.vm?id=0000189464&page=1 _zBiblioteca Digital Hispánica |
||
| 999 |
_c48006 _d48006 |
||